000 00934nam a2200277Ia 4500
003 OSt
005 20221005111119.0
006 a|||||r|||| 00| 0
007 ta
008 221004b |||||||| |||| 00| 0 hin d
020 _a8181432347 (hbk)
_c350
024 _a17269
037 _b523, 21/03/2015, Vani Prakashan
_cTextual
040 _aCRL
_cCRL
_bhin
041 _2hin
_ahin
082 _aO152,2N23,AB, L9;Q0
100 _aहबीब तनवीर
245 0 _aआगरा बाज़ार
246 _aĀgarā bāज़āra
250 _a2 संस्करण
260 _aनई दिल्ली
_bवाणी प्रकाशन भारत
_c2010
300 _a120पृ0
_ccm.
650 _aहिन्दी साहित्य
942 _hO152,2N23,AB, L9;Q0
_cTEXL
_2cc
999 _c1020864
_d1020864